1479 1924 1019 1811 1767 1406 1200 1369 1218 1316 1740 1502 1406 1156 1019 1940 1697 1217 1825 1940 1286 1690 1138 1506 1053 1859 1471 1852 1971 1658 1682 1489 1460 1094 1734 1876 1381 1506 1623 1876 1833 1470 1095 1182 1329 1055 1437 1389 1251 1181 1518 1004 1621 1419 1521 1921 1028 1659 1713 1188 1682 1053 1789 1015 1927 1024 1254 1344 1539 1119 1056 1414 1431 1208 1915 1186 1641 1715 1682 1468 1928 1052 1521 1056 1159 1120 1216 1301 1608 1792 1906 1118 1217 1976 1563 1508 1937 1672 1958 BCNSPRNW ULIB Ver.6.0+V

เปลี่ยนเป็นภาษาไทย

Change to English
 แสดงรายละเอียดบรรณานุกรม
  กลับหน้าหลัก

Brief Record : Get Marc (ISO 2709) : E-mail record : QR code < ปิดหน้าต่าง
LEADER : 00000nam 2200000uu 4500
001    13399122591
003     ULIB
008    020711s2545 th a 000 0 tha d
020    9747406349
090    นว.^bV643ล
100    Victor Hugo;^e เขียน
245    ลูกทะเล /^cVictor Hugo ; เขียน,ธีรา สุขสวัสดิ์ ณ อยุธยา ; แปล
260    กรุงเทพฯ :^bข้าวฟ่าง,^c2545
300    276 หน้า
700    ธีรา สุขสวัสดิ์ ณ อยุธยา ;^e แปล
945    ^p140^l0^i20037
999    ^aทศพร เกษรทอง
รายการนี้ยังไม่มีแท็ก
คุณยังไม่ได้ล็อกอิน คุณสามารถมีกิจกรรมร่วมกับเว็บไซต์ได้ แต่ต้องล็อกอินก่อน ::
  ล็อกอิน

รายการสื่อสารสนเทศ

ลำดับที่ ประเภท เลขเรียก/บาร์โค้ด สถานที่ สถานะ
1. นวนิยาย
นวนิยาย
นว. V643ล ฉ.1 
  Barcode: 20037
ห้องสมุดวิทยาเขตสวรรค์ประชารักษ์
►นวนิยาย
บนชั้น
  ขอยืม

BibComment


ยังไม่เคยถูกคอมเมนท์

คอมเมนท์ทรัพยากรรายการนี้
  คอมเมนท์: ลูกทะเล Victor H..


 Copyright 2026. Bcnsprnw @Library